00568nam a2200217 a 4500001001300000003000900013005001700022008004100039020002300080082001300103100001700116245003700133260003500170300000900205500003500214505001800249650002500267650002500292700001600317700001700333nice12345678IN_TiNIC20260116014505.0080110s2006 dela grp 000 0 eng  a8178242036 c39500a306bLOO aLoomba, Ania aPost Colonial Studies and Beyond aDelhi bPermanent Black c2006 a499p aincludes index and biblioraphy2 abiblio, index aComparative Religion aPost Colonial Theory1 aSuvir, Kaul1 aMatti, Bunal